Prensa e galeguismo (Record no. 89939)

MARC details
000 -LEADER
campo de control de longitud fija 00515nam a2200145 i 4500
001 - NÚMERO DE CONTROL
campo de control 89939
003 - IDENTIFICADOR DE NÚMERO DE CONTROL
campo de control ES-MaACL
007 - CAMPO FIJO DE DESCRIPCIÓN FÍSICA--INFORMACIÓN GENERAL
campo de control de longitud fija t|
008 - DATOS DE LONGITUD FIJA--INFORMACIÓN GENERAL
campo de control de longitud fija 050117s1982 sp ||||1| gao d
100 1# - ENTRADA PRINCIPAL--NOMBRE DE PERSONA
Nombre de persona Ledo Andión, Margarita.
9 (RLIN) 71161
245 10 - MENCIÓN DEL TÍTULO
Título Prensa e galeguismo
Resto del título : da prensa galega do XIX ao primeiro periódico nacionalista : 20 anos de "A Nosa Terra" (1916-1936) /
Mención de responsabilidad, etc. Margarita Ledo Andión.
260 ## - PUBLICACIÓN, DISTRIBUCIÓN, ETC.
Lugar de publicación, distribución, etc. [Sada (A Coruña)] :
Nombre del editor, distribuidor, etc. Do Castro,
Fecha de publicación, distribución, etc. [1982]
300 ## - DESCRIPCIÓN FÍSICA
Extensión 190 p. ;
Dimensiones 19 cm.
852 ## - LOCALIZACIÓN
Ubicación ES-MaACL
Número de control de estantería L-3538
Sublocalización o colección R.104041
Holdings
Estatus retirado Estado de pérdida Estado de daño No para préstamo Biblioteca de origen Biblioteca actual Ubicación en estantería Fecha de adquisición Fuente de adquisición Total de préstamos Signatura topográfica completa Código de barras Visto por última vez Precio de reemplazo Tipo de ítem Koha
        Biblioteca del Ateneo de Madrid Biblioteca del Ateneo de Madrid Depósito 2 17/01/2008     L-3538 1093925 23/02/2023 23/02/2023 Libro impreso